Lettera dell'abbate D. Giovanni Andres al sig. Comendatore Fra Gaetano Valenti Gonzaga ... sopra una pretesa cagione del corrompimento del gusto italiano nel secolo XVII. (Record no. 151476)

MARC details
000 -LEADER
campo de control de longitud fija 00772nam a2200193 i 4500
001 - NÚMERO DE CONTROL
campo de control 151476
003 - IDENTIFICADOR DE NÚMERO DE CONTROL
campo de control ES-MaACL
005 - FECHA Y HORA DE LA ÚLTIMA TRANSACCIÓN
campo de control 20250930063128.0
008 - DATOS DE LONGITUD FIJA--INFORMACIÓN GENERAL
campo de control de longitud fija 970407s1786 it |||| | ita d
040 ## - FUENTE DE CATALOGACIÓN
Centro catalogador/agencia de origen CLM
Lengua de catalogación spa
Centro/agencia transcriptor CLM
100 1# - ENTRADA PRINCIPAL--NOMBRE DE PERSONA
Nombre de persona Andrés, Juan,
Fechas asociadas al nombre 1740-1817
9 (RLIN) 21576
245 10 - MENCIÓN DEL TÍTULO
Título Lettera dell'abbate D. Giovanni Andres al sig. Comendatore Fra Gaetano Valenti Gonzaga ... sopra una pretesa cagione del corrompimento del gusto italiano nel secolo XVII.
260 ## - PUBLICACIÓN, DISTRIBUCIÓN, ETC.
Lugar de publicación, distribución, etc. In Cremona :
Nombre del editor, distribuidor, etc. apresso Lorenzo Manini, e Comp...,
Fecha de publicación, distribución, etc. 1786.
300 ## - DESCRIPCIÓN FÍSICA
Extensión 61 p. ;
Dimensiones 8º (19 cm)
597 ## - NOTA DE DESCRIPCIÓN FÍSICA
NOTA DE DESCRIPCIÓN FÍSICA Sign.: A-C8, D7.
650 04 - PUNTO DE ACCESO ADICIONAL DE MATERIA--TÉRMINO DE MATERIA
Término de materia o nombre geográfico como elemento de entrada Arte italiano-
Subdivisión cronológica S.XVI-XVII.
9 (RLIN) 10234
852 ## - LOCALIZACIÓN
Ubicación ES-MaACL
Número de control de estantería R-1462
Nota libre -- Enc. piel con hierros dorados
Encuadernación Olim: G-124262
Holdings
Estatus retirado Estado de pérdida Estado de daño No para préstamo Colección Biblioteca de origen Biblioteca actual Ubicación en estantería Fecha de adquisición Total de préstamos Signatura topográfica completa Código de barras Visto por última vez Precio de reemplazo Tipo de ítem Koha
        Libros del s. XVIII Biblioteca del Ateneo de Madrid Biblioteca del Ateneo de Madrid Depósito 17/01/2008   R-1462 1158049 23/02/2023 23/02/2023 Libro impreso antiguo